| 000 | 00429nam a2200181Ia 4500 | ||
|---|---|---|---|
| 001 | 19369 | ||
| 005 | 20260306172648.0 | ||
| 008 | 260306t2005||||xx |||||||||||||| ||spa|| | ||
| 041 | _aESP | ||
| 082 |
_a658.848 _bC36 |
||
| 100 |
_aCateora, Philip R. _eAUT |
||
| 245 | 0 | _aInternational marketing | |
| 260 | _c2005 | ||
| 300 |
_axxxiii, 697 páginas : _c28 cm. |
||
| 650 | _aGEN | ||
| 654 | _aCAN | ||
| 942 |
_cLIB _dJUS _fJUS _2ddc _n |
||
| 999 |
_c19369 _d19369 |
||